000 01008nam a22002657a 4500
999 _c64643
_d64643
005 20240530110742.0
008 180926s2018 ua g b 000 0 ara d
017 _a2017/10782
_bمصر. دار الكتب
020 _a9789777356763
040 _aEG-CaGPL
_cEG-CaGPL
082 0 4 _221
_a158.39/
_bز م
100 0 _aزين احمد محمد ماجد
245 1 2 _aالمقابلة فى الارشاد والعلاج النفسى /
_cزين احمد محمد ماجد
250 _aط. 1
260 _aالاسكندرية :
_bدار الوفاء لدنيا الطباعة و النشر ،
_c2018.
300 _a408 ص. ؛
_c24 سم.
504 _aيشتمل على ارجاعات ببليوجرافية
650 0 7 _2qrmak
_aالعلاج النفسى
650 0 7 _2qrmak
_aالاضطرابات النفسية
650 0 7 _2qrmak
_aالارشاد النفسى
650 0 7 _2qrmak
_aالصحة النفسية
651 _2qrmak
942 _2ddc
_cBK